|
|
|
|
| LEADER |
00000nab a2200000uu 4500 |
| 001 |
vtls011487774 |
| 003 |
SK-MaSNL |
| 005 |
20260303105314.0 |
| 008 |
230121|2010 xo |||||||||||||||||cze| |
| 015 |
|
|
|a SNBRB
|
| 035 |
|
|
|a (urnnbn)urn:nbn:sk:snk:ar-007cdy
|
| 035 |
|
|
|a (uuid)fb8dddad-da06-4eee-bbf8-7cf082cc5006
|
| 035 |
|
|
|a urn:nbn:sk:snk-abddlj
|
| 040 |
|
|
|a SNKBUCL
|b slo
|c SNKBUCL
|e AACR2
|
| 041 |
0 |
|
|a cze
|
| 044 |
|
|
|a xo
|c SK
|
| 100 |
1 |
|
|a Krobot, A.
|4 aut
|9 1120470
|
| 245 |
1 |
0 |
|a PARÉZA N. FACIALIS A JEJÍ VLIV NA IMPIARMENT, DISABILITU A HANDICAP U PACIENTŮ PO CÉVNÍ MOZKOVÉ PŘÍHODĚ
|c P. Konečný, M. Kalčíková, M. Elfmark, A. Krobot, K. Urbánek, P. Kaňovský
|
| 700 |
1 |
|
|a Urbánek, K.
|4 aut
|9 839821
|
| 700 |
1 |
|
|a Elfmark, M.
|4 aut
|9 1120471
|
| 700 |
1 |
|
|a Kalčíková, M.
|4 aut
|9 1120472
|
| 700 |
1 |
|
|a Kaňovský, P.
|4 aut
|9 1120473
|
| 700 |
1 |
|
|a Konečný, P.
|4 aut
|9 788999
|
| 773 |
0 |
|
|t Rehabilitácia : odborný časopis pre otázky liečebnej, pracovnej, psychosociálnej a výchovnej rehabilitácie
|g Roč. 47, č. 2 (2010), s. 118-122
|
| 954 |
|
|
|a odborná, vedecká literatúra cudzojazyčná (svetová)
|2 lita
|
| 958 |
|
|
|a OND
|
| 958 |
|
|
|a EUIPO
|
| 958 |
|
|
|a article18
|
| 999 |
|
|
|c 1862321
|d 1864251
|